000
00268nam a22001337a 4500
008
170721b xxu||||| |||| 00| 0 eng d
020
_a
0262692155
041
_a
eng
080
_a
004
100
_a
29
101
_a
SHKI
245
_a
MPI
_c
SNIR, M
942
_2
udc
_c
BK
999
_c
21762
_d
21762